| 000 | 00443nam a2200157Ia 4500 | ||
|---|---|---|---|
| 999 |
_c18744 _d18744 |
||
| 003 | OSt | ||
| 005 | 20200602154302.0 | ||
| 008 | 190216s9999||||xx |||||||||||||| ||und|| | ||
| 040 | _coclc | ||
| 082 |
_a947 _bSHE/S |
||
| 100 |
_aShelestov, K _92337 |
||
| 245 | 0 |
_aShort History Of The Ussr / _cK Shelestov |
|
| 260 |
_bProgress Publishers, _c1965. _aMoscow: |
||
| 300 | _a394p | ||
| 942 |
_cBK _2ddc _h947 _iSHE/S _k947 _mSHE/S |
||